Ciencias naturales 7 /
Guardado en:
| Autor Principal: | |
|---|---|
| Otros Autores: | , , , , , |
| Formato: | Libro |
| Publicado: |
Buenos Aires :
Santillana,
2005
|
| Series: | Todos protagonistas
|
| Materias: | |
| Etiquetas: |
Agregar Etiqueta
Sin Etiquetas, Sea el primero en etiquetar este registro!
|
| LEADER | 01689nam a22003615a 4500 | ||
|---|---|---|---|
| 001 | CEM.cems017117 | ||
| 005 | 20141104142748.0 | ||
| 008 | 130507s2005##################000#0#####d | ||
| 003 | CEMS | ||
| 020 | |a 9504614841 | ||
| 082 | 0 | 4 | |a 570 |
| 100 | 1 | |a Cynowiec, Esteban | |
| 245 | 1 | 0 | |a Ciencias naturales 7 / |c Esteban Cynowiec ... [et Al.] |
| 260 | |a Buenos Aires : |b Santillana, |c 2005 | ||
| 300 | |a 256 p. | ||
| 490 | 0 | |a Todos protagonistas | |
| 505 | 0 | |a La tierra en el universo -- Los subsistemas terrestres -- Tiempo y clima -- Historia geológica de la tierra -- Los recursos de la Tierra -- Los recursos energéticos -- 7: Uso y abuso de los recursos -- Los materiales y el calor -- Estructura y transferencia de los materiales -- Los materiales y el calor -- Las fuerzas y sus efectos -- El sonido -- La luz -- Los organismos: Unidad y diversidad -- Funciones vitales -- Reproducción de los seres vivos -- Estructura y dinámica de los ecosistemas -- Poblaciones y comunidades -- Ecorregiones y protección del ambiente -- El organismo humano -- Reproducción y desarrollo humanos -- Organismo humano y salud | |
| 653 | |a Ciencias naturales-primer año | ||
| 653 | |a Biología | ||
| 653 | |a Física | ||
| 653 | |a Química | ||
| 653 | |a Fotosíntesis | ||
| 653 | |a Sistemas de órganos | ||
| 653 | |a Órganos | ||
| 653 | |a Tejidos | ||
| 653 | |a Relaciones intra e interespecìficas | ||
| 700 | 1 | |a Díaz, Marcela L. | |
| 700 | 1 | |a Franco, Ricardo | |
| 700 | 1 | |a Frid, Débora J. | |
| 700 | 1 | |a Taddei, Federico P. | |
| 700 | 1 | |a Vidal, Silvia L. | |
| 700 | 1 | |a Barderi, María Gabriela | |
| 859 | |a CEMS |b BIB. CEMS - Agricultura |h 570 |i C992 |p A0813.08 |t Ej.1 |v 7 |3 7 | ||
